000 02497cam a22005174i 4500
003 PE-LiUPU
005 20250731173250.0
008 150616s1972 ag r 000 0 spa d
035 _a(Sirsi) a3556
040 _aPE-LiUPU
_bspa
_cPE-LiUPU
_erda
049 _aPRUA
082 0 4 _a260.1
_bG69
_221
100 1 _aGonzález, Justo L.,
_eautor.
245 1 0 _aHistoria del pensamiento cristiano.
_n2 /
_cJusto L.González.
264 1 _aBuenos Aires :
_bLa Aurora,
_c1972.
300 _a385 páginas ;
_c23 centímetros
336 _atext
_2rdacontent
337 _aunmediated
_2rdamedia
338 _avolume
_2rdacarrier
490 0 _aBiblioteca de estudios teológicos
504 _aNotas Bibliograficas.
505 0 _aEl pensamiento de San Agustín -- La era de los epígonos -- La teología en oriente hasta el sexto concilio ecuménico -- El renacimiento carolingio -- La edad oscura -- El renacimiento del siglo XII -- La teología oriental desde el avance del islam hasta la cuarta cruzada -- Introducción general al siglo XIII -- El agustinismo del siglo XIII -- Los grandes maestros dominicos -- El aristotelismo extremo -- La teología oriental hasta la caída de Constantinopla -- La teología occidental en las postrimerías de la Edad Media -- El fin de una era.
526 _aSEG42
526 _aSEG41
526 _aSEG40
526 _aSEG39
526 _aP94
526 _aP87
526 _aP86
526 _aP85
526 _aP77
526 _aP76
526 _aP35
650 0 4 _aPensamiento religioso
_ySiglo XIII.
650 0 4 _aIglesia católica
_xHistoria de los primeros tiempos.
910 _ajck
_bjvq
_cjck
942 _2ddc
_cBOOK
949 _a260.1 G69 2
_wDEWEY
_c1
_i28941
_lCCODEBUL1
_mBUL
_p33.00
_r0
_sY
_tBOOK
_u2015-04-23
_xTEOLOGIA
_PP35
_0COMPRA
_o.STAFF. Colección Teología
949 _a260.1 G69 2
_wDEWEY
_c2
_i16327
_lCCODEBUL1
_mBUL
_p33.00
_r0
_sY
_tBOOK
_u19781120
_xTEOLOGIA
_zUNKNOWN
_0COMPRA
_o.STAFF. Colección Teología
994 _aC0
_bPEPRU
596 _a1
999 _a260.1 G69 2
_wDEWEY
_c43537
_i28941
_d43537
_e2017-9-8
_f2019-12-11
_g4
_lCCODEBUL1
_mBUL
_n1
_p33.00
_q3
_r0
_sY
_tBOOK
_u2015-4-23
_xTEOLOGIA
_PP35
_0COMPRA
_o.STAFF. Colección Teología
999 _a260.1 G69 2
_wDEWEY
_c2
_i16327
_d2015-10-7
_e2015-10-6
_f2019-12-11
_g4
_lDISCARD
_mBUL
_n1
_p33.00
_r0
_sY
_tBOOK
_u2015-6-16
_xTEOLOGIA
_PP35
_0COMPRA
_o.STAFF. Colección Teología
980 _81
_gALBERTO SANCHEZ Responsable de Automatización